000 00349cam a2200145ua 4500
003 OSt
008 250502b |||||||| |||| 00| 0 eng d
082 _a624.1517
_bLES/SU
100 _aLeslie, Kish .
_91634
245 _aSurvey sampling /
250 _a1 /
260 _aNew York :
_bJohn Wiley & Sons ,
_c1965.
300 _a643 ; .
942 _cBK
999 _c5276
_d5276